整体和市中心没有接壤的市辖区 - Statistics

General Stats
  • This quiz has been taken 16 times
    10 since last reset
  • The average score is 17 of 25
Answer Stats
省级行政区 地级行政区 县级行政区 % Correct
云南省 昆明市 东川区
100%
内蒙古自治区 呼伦贝尔市 扎赉诺尔区
88%
海南省 三沙市 南沙区
88%
重庆市 (直辖) 黔江区
88%
河北省 石家庄市 井陉矿区
75%
河北省 承德市 鹰手营子矿区
75%
内蒙古自治区 包头市 白云鄂博矿区
75%
山东省 青岛市 黄岛区
75%
湖南省 衡阳市 南岳区
75%
广东省 湛江市 坡头区
75%
重庆市 (直辖) 万州区
75%
四川省 乐山市 金口河区
75%
新疆维吾尔自治区 克拉玛依市 独山子区
75%
辽宁省 营口市 鲅鱼圈区
63%
河南省 郑州市 上街区
63%
河南省 平顶山市 石龙区
63%
湖南省 岳阳市 君山区
63%
重庆市 (直辖) 开州区
63%
陕西省 咸阳市 杨陵区
63%
辽宁省 铁岭市 清河区
50%
黑龙江省 齐齐哈尔市 碾子山区
50%
福建省 南平市 延平区
50%
重庆市 (直辖) 梁平区
50%
甘肃省 白银市 平川区
50%
辽宁省 阜新市 清河门区
38%
No matching quizzes found
Score Distribution
Percent of People with Each Score
Percentile by Number Answered
Your Score History
You have not taken this quiz since the last reset